Manažér ako rizikový faktor vzniku krízy v podniku

Analýza implementácie rizikového manažmentu v podnikoch. Manažment rizika tvorí významnú čast manažérskych úloh. Riziko ovplyvňuje prežitie a úspešnosť podniku na trhu. Správanie manažérov v jednotlicých fázach krízy. Systém riadenia rizík a efektívne plnenie požiadaviek zákazníkov.

Salvato in:
Dettagli Bibliografici
Autore principale: Kádárová, Jaroslava
Altri autori: Kádár, Gabriel
Natura: Capitolo di libro
Lingua:slovacco
Soggetti:
Tags: Aggiungi Tag
Nessun Tag, puoi essere il primo ad aggiungerne!!

MARC

LEADER 00000nla$a2200000$$$4500
001 0105395
005 20240521122608.7
041 0 |a slo 
044 |a SK 
245 1 0 |a Manažér ako rizikový faktor vzniku krízy v podniku  |c Jaroslava Kádárová, Gabriel Kádár 
520 |a Analýza implementácie rizikového manažmentu v podnikoch. Manažment rizika tvorí významnú čast manažérskych úloh. Riziko ovplyvňuje prežitie a úspešnosť podniku na trhu. Správanie manažérov v jednotlicých fázach krízy. Systém riadenia rizík a efektívne plnenie požiadaviek zákazníkov. 
610 2 0 |a rozhodovanie manažérske 
610 2 0 |a manažment krízový 
610 2 0 |a riziko podnikateľské 
610 2 0 |a rozhodovanie strategické 
610 2 0 |a ciele podnikové 
610 2 0 |a efektívnosť ekonomická 
100 1 |a Kádárová, Jaroslava 
700 1 |a Kádár, Gabriel